| 000 | 01021nas a2200313 4500 | ||
|---|---|---|---|
| 001 | BR2011003224 | ||
| 003 | BR-BrBNA | ||
| 005 | 20231205115346.0 | ||
| 007 | ta | ||
| 008 | 230509b bl.|||p| |||| 00| 00por d | ||
| 040 |
_aBR-BrBNA _bpor _cBiblioteca Nacional de Agricultura |
||
| 041 | _a(Pt) | ||
| 072 | _aH10 | ||
| 100 | 1 | _aBenvenga, S.R. | |
| 100 | 1 | _aFernandes, O.A. | |
| 100 | 1 | _aGravena, S. | |
| 245 | 1 | _aTomada de decisão de controle da traça-do-tomateiro através de armadilhas com feromônio sexual | |
| 246 | 1 | _aDecision making for integrated pest management of the South American tomato pinwirm based on sexual pheromone traps | |
| 650 | _aTOMATE | ||
| 650 | _aLYCOPERSICON ESCULENTUM | ||
| 650 | _aPRAGA DE PLANTA | ||
| 650 | _aTRAÇA | ||
| 650 | _aFEROMÔNIO | ||
| 650 | _aATRATIVO | ||
| 650 | _aARMADILHA | ||
| 773 | 0 |
_tPlanta Daninha (Brazil) _xISSN 0102-0536 _g(Apr-Jun 2007), v. 25(2) p. 164-169 _wBR2011003224 |
|
| 909 |
_a202311 _bLúcia _c55 _dLúcia Elande |
||
| 942 |
_2AGRIS _n0 _cANA |
||
| 999 |
_c213393 _d213393 |
||